Statistics for State Quiz - North Dakota

Click here to take the quiz!

General Stats

  • This quiz has been taken 3,989 times
    (517 since last reset)
  • The average score is 17 of 20

Answer Stats

Hint Answer % Correct
U.S. states that border North DakotaSouth Dakota
100%
U.S. states that border North DakotaMinnesota
99%
U.S. states that border North DakotaMontana
99%
North Dakota is the United States's #2 producer of this, behind only TexasOil
96%
30.8% of North Dakotans trace their ancestry to this frigid country,
by far the most of any state
Norway
94%
The Dakota people were a sub-tribe of this larger group (hint: ends with x)Sioux
93%
Term for an irregular landscape formed by extensive erosion{Bad}lands
92%
Capital cityBismarck
92%
Most populous cityFargo
91%
Technology which caused the growth in production of the above{Frack}ing
91%
Canadian provinces that border North DakotaSaskatchewan
90%
The only state that has a higher percentage of male residents than North DakotaAlaska
88%
Canadian provinces that border North DakotaManitoba
87%
From 1987–2020, this economic figure never exceeded 5%Unemployment
86%
National Park (hint: a President)Theodore Roosevelt
84%
North Dakota's most important crop by valueWheat
83%
Native-American woman who joined the Lewis and Clark expedition in North DakotaSacagawea
81%
North Dakota hosts one of the largest of these Native American gatherings
(hint: starts with P)
Powwow
77%
River that forms North Dakota's eastern borderRed River
52%
State nicknameThe {Peace} Garden State
44%

Score Distribution

Percentile by Number Answered

Percent of People with Each Score

Your Score History

You have not taken this quiz since the last reset